| 000 | 00592nam a2200169 a 4500 | ||
|---|---|---|---|
| 001 | 000040416 | ||
| 005 | 20250206104242.0 | ||
| 008 | 130823s2013 dr 000 0 spa d | ||
| 020 | _a9789945007781 | ||
| 040 |
_aDO-SdBNP _bspa _cBNPHU |
||
| 100 | 1 |
_aMárquez, Carlos, _b1953- _958325 |
|
| 245 | 1 | 3 |
_aEl gran derrumbe del neoliberalismo : _bquiebran Europa y Estados Unidos / _cCarlos Márquez. |
| 260 |
_aSanto Domingo : _bLa Intrusa, _c2013. |
||
| 300 |
_a308 p. ; _c24 cm. |
||
| 500 | _aIncluye datos biográficos del autor en la solapa de la cubierta | ||
| 504 | _aBibliografía : p. 300- 308 | ||
| 999 |
_c39906 _d39906 |
||